[Event "PRO League Stage"]
[Site "Chess.com INT"]
[Date "2020.02.17"]
[Round "7"]
[White "Hellers, Ferdinand"]
[Black "Admiraal, Miguoel"]
[Result "0-1"]
[WhiteElo "2592"]
[BlackElo "2498"]
[PlyCount "90"]
[EventDate "2020.01.06"]
[EventType "team-swiss (rapid)"]
[EventRounds "7"]
[EventCountry "USA"]
[SourceTitle "CBM 194 Extra"]
[Source "ChessBase"]
[SourceDate "2020.03.31"]
[SourceVersion "1"]
[SourceVersionDate "2020.03.31"]
[SourceQuality "1"]
[WhiteTeam "Sweden Wasabis"]
[BlackTeam "Netherlands Mosquitoes"]
[WhiteTeamCountry "SWE"]
[BlackTeamCountry "NED"]

1. e4 c6 2. d4 d5 3. Nc3 dxe4 4. Nxe4 Bf5 5. Ng3 Bg6 6. h4 h6 7. Nf3 e6 8. h5 Bh7 9. Bd3 Bxd3 10. Qxd3 Nf6 11. Bd2 Be7 12. 0-0-0 0-0 13. Kb1 c5 14. Bc3 Nc6 15. Ne4 Nb4 16. Bxb4 cxb4 17. Nxf6+ Bxf6 18. Qe4 Qc7 19. Ne5 Rac8 20. f4 Bxe5 21. fxe5 Rfd8 22. Rd2 a5 23. g4 Qe7 24. Qe3 a4 25. Rg1 Rc4 26. g5 hxg5 27. b3 Rc3 28. Qxg5 Qxg5 29. Rxg5 a3 30. Rdg2 Rxd4 31. Rxg7+ Kf8 32. Rg8+ Ke7 33. Rg1 Rd2 34. Rb8 Rc7 35. Rc1 Rh2 36. Rh8 Re2 37. h6 Rxe5 38. h7 Rh5 39. Ra8 Rxh7 40. Ra4 Rh4 41. c4 Rh2 42. Rxb4 Rb2+ 43. Ka1 f5 44. Ra4 f4 45. Rxa3 Re2 0-1

[Event "PRO League Stage"]
[Site "Chess.com INT"]
[Date "2020.02.05"]
[Round "5"]
[White "Admiraal, Miguoel"]
[Black "Forcen Esteban, Daniel"]
[Result "0-1"]
[WhiteElo "2498"]
[BlackElo "2548"]
[PlyCount "74"]
[EventDate "2020.01.06"]
[EventType "team-swiss (rapid)"]
[EventRounds "7"]
[EventCountry "USA"]
[SourceTitle "CBM 194 Extra"]
[Source "ChessBase"]
[SourceDate "2020.03.31"]
[SourceVersion "1"]
[SourceVersionDate "2020.03.31"]
[SourceQuality "1"]
[WhiteTeam "Netherlands Mosquitoes"]
[BlackTeam "Spain Raptors"]
[WhiteTeamCountry "NED"]
[BlackTeamCountry "ESP"]

1. d4 e6 2. Nf3 Nf6 3. Bg5 c5 4. e3 h6 5. Bh4 b6 6. Nbd2 Bb7 7. Bd3 Be7 8. c3 d5 9. Ne5 0-0 10. Bxf6 Bxf6 11. f4 Ba6 12. Bxa6 Nxa6 13. Qe2 Nb8 14. Ndf3 Nd7 15. h4 Bxe5 16. dxe5 f6 17. exf6 Nxf6 18. 0-0-0 Ne4 19. Rh3 b5 20. Kb1 c4 21. Nd4 Qe8 22. g4 Rb8 23. g5 h5 24. Qc2 b4 25. cxb4 Rxb4 26. Ne2 Nf2 27. Rh2 Nxd1 28. Qxd1 Qg6+ 29. Ka1 Qd3 30. Qc1 e5 31. Nc3 d4 32. Nd5 Ra4 33. Rd2 Qb3 34. Qb1 c3 35. Ne7+ Kf7 36. Qf5+ Kxe7 37. Qxe5+ Kf7 0-1

[Event "PRO League Stage"]
[Site "Chess.com INT"]
[Date "2020.02.05"]
[Round "5"]
[White "Admiraal, Miguoel"]
[Black "Martinez Reyes, Pedro Ramon"]
[Result "1-0"]
[WhiteElo "2498"]
[BlackElo "2407"]
[PlyCount "135"]
[EventDate "2020.01.06"]
[EventType "team-swiss (rapid)"]
[EventRounds "7"]
[EventCountry "USA"]
[SourceTitle "CBM 194 Extra"]
[Source "ChessBase"]
[SourceDate "2020.03.31"]
[SourceVersion "1"]
[SourceVersionDate "2020.03.31"]
[SourceQuality "1"]
[WhiteTeam "Netherlands Mosquitoes"]
[BlackTeam "Spain Raptors"]
[WhiteTeamCountry "NED"]
[BlackTeamCountry "ESP"]

1. d4 d5 2. Nf3 Bf5 3. c4 e6 4. Nc3 Nc6 5. cxd5 exd5 6. Bg5 Be7 7. Bxe7 Ngxe7 8. e3 0-0 9. Be2 Ng6 10. 0-0 Nce7 11. b4 Qd6 12. Qb3 Bg4 13. Rfc1 a6 14. a4 Rad8 15. b5 a5 16. Qa3 Qf6 17. Nb1 c6 18. Nbd2 Rfe8 19. Qc3 Nf5 20. bxc6 bxc6 21. Qxc6 Re6 22. Qc7 Rde8 23. Bb5 Rf8 24. Qxa5 Ngh4 25. Nxh4 Qxh4 26. Nf1 Bf3 27. Ng3 Rh6 28. gxf3 Qxh2+ 29. Kf1 Nxg3+ 30. fxg3 Qxg3 31. Ke2 Rh2+ 32. Kd3 Qxf3 33. Qe1 Qf5+ 34. Kc3 Rc8+ 35. Kb3 Rcc2 36. Rxc2 Qxc2+ 37. Kb4 h5 38. Rc1 Qg6 39. Rc6 Qg5 40. Rc8+ Kh7 41. Bd3+ g6 42. Qf1 Qe7+ 43. Rc5 Kg7 44. Qf4 Rb2+ 45. Kc3 Qb7 46. Rb5 Rxb5 47. Bxb5 Qc8+ 48. Kb4 Qc1 49. Qe5+ Kh6 50. Qxd5 h4 51. Qxf7 Qxe3 52. Qf8+ Kh5 53. Qc5+ g5 54. a5 h3 55. a6 h2 56. Bc6 Qe1+ 57. Kb5 Qb1+ 58. Ka5 Qa1+ 59. Kb6 h1Q 60. Bxh1 Qxh1 61. a7 Kh4 62. d5 g4 63. a8Q Qb1+ 64. Qb5 Qg1+ 65. Kc7 Qg3+ 66. d6 Qe1 67. Qh8+ Kg3 68. Qhe5+ 1-0

[Event "PRO League Stage"]
[Site "Chess.com INT"]
[Date "2020.02.05"]
[Round "5"]
[White "Diaz Camallonga, Carles"]
[Black "Admiraal, Miguoel"]
[Result "1/2-1/2"]
[WhiteElo "2474"]
[BlackElo "2498"]
[PlyCount "51"]
[EventDate "2020.01.06"]
[EventType "team-swiss (rapid)"]
[EventRounds "7"]
[EventCountry "USA"]
[SourceTitle "CBM 194 Extra"]
[Source "ChessBase"]
[SourceDate "2020.03.31"]
[SourceVersion "1"]
[SourceVersionDate "2020.03.31"]
[SourceQuality "1"]
[WhiteTeam "Spain Raptors"]
[BlackTeam "Netherlands Mosquitoes"]
[WhiteTeamCountry "ESP"]
[BlackTeamCountry "NED"]

1. e4 c6 2. Nf3 d5 3. Nc3 Qa5 4. Be2 dxe4 5. Nxe4 Bf5 6. Ng3 Bg6 7. 0-0 Nd7 8. d4 e6 9. Bf4 Ngf6 10. c3 Be7 11. Nd2 0-0 12. a4 Nd5 13. Nc4 Qd8 14. Bd2 c5 15. Ne3 Nf4 16. Bf3 cxd4 17. cxd4 Bd3 18. Re1 Ba6 19. Bc3 Nf6 20. Qd2 N4d5 21. Ne4 Rc8 22. Nxf6+ Bxf6 23. Nxd5 exd5 24. Qf4 Bc4 25. a5 Qc7 26. Qxc7 1/2-1/2

[Event "BEL-chT 1920"]
[Site "Belgium"]
[Date "2020.02.02"]
[Round "7.1"]
[White "Admiraal, Miguoel"]
[Black "Ikonnikov, Vyacheslav"]
[Result "1/2-1/2"]
[WhiteElo "2506"]
[BlackElo "2499"]
[PlyCount "100"]
[EventDate "2019.09.29"]
[EventType "team-tourn"]
[EventRounds "11"]
[EventCountry "BEL"]
[SourceTitle "CBM 195 Extra"]
[Source "ChessBase"]
[SourceDate "2020.05.31"]
[SourceVersion "1"]
[SourceVersionDate "2020.05.31"]
[SourceQuality "1"]
[WhiteTeam "Wachtebeke"]
[BlackTeam "Jean Jaures Ghent"]
[WhiteTeamCountry "BEL"]
[BlackTeamCountry "BEL"]

1. e4 c5 2. Nc3 Nc6 3. Bb5 Nd4 4. Nf3 e6 5. 0-0 Ne7 6. Nxd4 cxd4 7. Ne2 a6 8. Bd3 Nc6 9. c3 Bc5 10. b4 Ba7 11. cxd4 Nxd4 12. Bb2 Nxe2+ 13. Qxe2 0-0 14. Kh1 d6 15. f4 Bd7 16. a4 Qe7 17. Bc4 Rfe8 18. Qh5 f6 19. Bb3 Qf7 20. Qf3 Kh8 21. Rac1 Rac8 22. f5 Bb8 23. d4 Rxc1 24. Rxc1 d5 25. fxe6 Bxe6 26. exd5 Bd7 27. d6 Qf8 28. Qd5 Qxd6 29. Qxd6 Bxd6 30. Bd5 Bxb4 31. Bxb7 a5 32. d5 Bxa4 33. Bc6 Bxc6 34. dxc6 Rc8 35. Kg1 Kg8 36. Rc4 Kf7 37. Bc3 Bxc3 38. Rxc3 Ke6 39. Rc5 a4 40. Ra5 Rxc6 41. Rxa4 h5 42. h4 Kf5 43. Kh2 Re6 44. Kh3 Re3+ 45. g3 g5 46. hxg5 fxg5 47. Ra5+ Re5 48. Ra4 Re3 49. Ra5+ Re5 50. Ra4 Re3 1/2-1/2

[Event "BEL-chT 1920"]
[Site "Belgium"]
[Date "2020.01.19"]
[Round "6.4"]
[White "Admiraal, Miguoel"]
[Black "Berend, Fred"]
[Result "1-0"]
[WhiteElo "2506"]
[BlackElo "2342"]
[PlyCount "67"]
[EventDate "2019.09.29"]
[EventType "team-tourn"]
[EventRounds "11"]
[EventCountry "BEL"]
[SourceTitle "CBM 195 Extra"]
[Source "ChessBase"]
[SourceDate "2020.05.31"]
[SourceVersion "1"]
[SourceVersionDate "2020.05.31"]
[SourceQuality "1"]
[WhiteTeam "Wachtebeke"]
[BlackTeam "Liege Crelel"]
[WhiteTeamCountry "BEL"]
[BlackTeamCountry "BEL"]

1. d4 Nf6 2. Bg5 d5 3. e3 c5 4. Nd2 Qb6 5. dxc5 Qxc5 6. Bxf6 gxf6 7. Ngf3 Nc6 8. a3 Qb6 9. b4 Bg4 10. c4 d4 11. c5 Qd8 12. exd4 Nxd4 13. Nxd4 Qxd4 14. Bb5+ Bd7 15. Bxd7+ Qxd7 16. 0-0 0-0-0 17. Nc4 Bg7 18. Qf3 Qc6 19. Qg3 f5 20. Rac1 Bh6 21. Rcd1 Qe4 22. Qh3 Bf4 23. Qc3 Rhg8 24. g3 Bc7 25. Rde1 Qd4 26. Rc1 f4 27. Nd6+ Rxd6 28. cxd6 Qxd6 29. Rfd1 Qb6 30. a4 fxg3 31. hxg3 a6 32. a5 Qc6 33. Qe3 Rd8 34. Rxd8+ 1-0

[Event "PRO League Stage"]
[Site "Chess.com INT"]
[Date "2020.01.13"]
[Round "2"]
[White "Admiraal, Miguoel"]
[Black "Braun, Arik"]
[Result "0-1"]
[WhiteElo "2498"]
[BlackElo "2605"]
[PlyCount "118"]
[EventDate "2020.01.06"]
[EventType "team-swiss (rapid)"]
[EventRounds "7"]
[EventCountry "USA"]
[SourceTitle "CBM 194 Extra"]
[Source "ChessBase"]
[SourceDate "2020.03.31"]
[SourceVersion "1"]
[SourceVersionDate "2020.03.31"]
[SourceQuality "1"]
[WhiteTeam "Netherlands Mosquitoes"]
[BlackTeam "Germany Bears"]
[WhiteTeamCountry "NED"]
[BlackTeamCountry "GER"]

1. a3 g6 2. h3 Bg7 3. d4 d5 4. Nf3 Nf6 5. Bf4 0-0 6. e3 c5 7. Nc3 cxd4 8. exd4 Nc6 9. Be2 Ne4 10. 0-0 Nxc3 11. bxc3 b6 12. Qd2 Re8 13. Rad1 Bb7 14. c4 dxc4 15. Bxc4 e6 16. d5 exd5 17. Bxd5 Na5 18. c4 Bxd5 19. cxd5 Qd7 20. Rfe1 Nc4 21. Qb4 Rxe1+ 22. Nxe1 b5 23. a4 Nb2 24. Rb1 Qf5 25. Rxb2 Bxb2 26. axb5 Be5 27. Be3 Qd7 28. Qb3 Rd8 29. f4 Bg7 30. Nf3 Qxd5 31. Qxd5 Rxd5 32. Bxa7 Rxb5 33. Bf2 Rb2 34. Be3 f5 35. Kh2 Bf6 36. Kg3 Kf7 37. Bf2 Ke6 38. Be3 Kd5 39. Bf2 Ke4 40. Bc5 Rb3 41. Bd6 h5 42. h4 Rd3 43. Bc7 Be7 44. Bb8 Bd6 45. Bxd6 Rxd6 46. Ng5+ Ke3 47. Nf7 Rd4 48. Ne5 Rxf4 49. Kh3 Rg4 50. g3 Kf2 51. Nd3+ Kf1 52. Ne5 Re4 53. Nxg6 Re2 54. Nf4 Re3 55. Nxh5 Kf2 56. Kh2 Ra3 57. Kh3 Kg1 58. Nf4 Ra2 59. g4 Ra3+ 0-1